Explaining foreign exchange market puzzles

Salvato in:
Dettagli Bibliografici
Autore principale: Miller, Norman C.
Natura: Libro
Lingua:inglese
Pubblicazione: Washington International Monetary Fund 1999
Serie:IMF Working Paper 27
Soggetti:
Tags: Aggiungi Tag
Nessun Tag, puoi essere il primo ad aggiungerne!!

MARC

LEADER 00000nam a2200000 4500
001 c110399
005 20221221082315.5
041 0 |a eng 
044 |a US 
245 1 0 |a Explaining foreign exchange market puzzles  |c Norman C. Miller 
264 1 |a Washington  |b International Monetary Fund  |c 1999 
300 |a 29 s. 
490 1 |a IMF Working Paper  |v 27 
830 0 |a IMF Working Paper  |v 27 
610 2 0 |a trh devízový 
610 2 0 |a trh peňažný medzinárodný 
610 2 0 |a kurz devízový 
610 2 0 |a trh finančný medzinárodný 
610 2 0 |a modely dynamické 
100 1 |a Miller, Norman C.